Комплексы Cu(II), Zn(II) и Cd(II) С 1-(1Н-бензимидазол-1-ил-метил)-1Н-бензотриазолом: синтез, строение и фотолюминесценция; Спектроскопия координационных соединений

Detaylı Bibliyografya
Parent link:Спектроскопия координационных соединений.— 2016.— С. 237-238
Müşterek Yazar: Национальный исследовательский Томский политехнический университет (ТПУ) Институт физики высоких технологий (ИФВТ) Кафедра биотехнологии и органической химии (БИОХ)
Diğer Yazarlar: Смирнова К. С., Лидер Е. В. Елизавета Викторовна, Березин А. С., Куратьева Н. В. Наталья Владимировна, Потапов А. С. Андрей Сергеевич
Özet:В фонде НТБ ТПУ отсутствует
Dil:Rusça
Baskı/Yayın Bilgisi: 2016
Konular:
Materyal Türü: MixedMaterials Kitap Bölümü
KOHA link:https://koha.lib.tpu.ru/cgi-bin/koha/opac-detail.pl?biblionumber=602692

MARC

LEADER 00000naa0a2200000 4500
001 602692
005 20250916144909.0
035 |a (RuTPU)RU\TPU\tpu\28685 
090 |a 602692 
100 |a 20161115d2016 k y0rusy50 ca 
101 0 |a rus 
102 |a RU 
200 1 |a Комплексы Cu(II), Zn(II) и Cd(II) С 1-(1Н-бензимидазол-1-ил-метил)-1Н-бензотриазолом: синтез, строение и фотолюминесценция  |f К. С. Смирнова [и др.] 
320 |a Библиогр.: с. 238 (2 назв.) 
333 |a В фонде НТБ ТПУ отсутствует 
463 1 |t Спектроскопия координационных соединений  |o тезисы докладов XIII Международной конференции, г. Туапсе, 11-17 сентября 2016 г.  |f редкол. В. Т. Панюшкин, Ф. А. Колоколов  |v С. 237-238  |d 2016 
610 1 |a труды учёных ТПУ 
701 1 |a Смирнова  |b К. С. 
701 1 |a Лидер  |b Е. В.  |g Елизавета Викторовна 
701 1 |a Березин  |b А. С. 
701 1 |a Куратьева  |b Н. В.  |g Наталья Владимировна 
701 1 |a Потапов  |b А. С.  |c химик  |c профессор Томского политехнического университета, доктор химических наук  |f 1981-  |g Андрей Сергеевич  |3 (RuTPU)RU\TPU\pers\33902 
712 0 2 |a Национальный исследовательский Томский политехнический университет (ТПУ)  |b Институт физики высоких технологий (ИФВТ)  |b Кафедра биотехнологии и органической химии (БИОХ)  |3 (RuTPU)RU\TPU\col\18693 
801 1 |a RU  |b 63413507  |c 20161115 
942 |c BK